3D modeling & animation : (Record no. 31185)

MARC details
000 -LEADER
fixed length control field 03457cam a22003618i 4500
001 - CONTROL NUMBER
control field 22076097
003 - CONTROL NUMBER IDENTIFIER
control field EG-ScBUE
005 - DATE AND TIME OF LATEST TRANSACTION
control field 20260407105905.0
008 - FIXED-LENGTH DATA ELEMENTS--GENERAL INFORMATION
fixed length control field 210610s2022 flua f b 001 0 eng d
020 ## - INTERNATIONAL STANDARD BOOK NUMBER
International Standard Book Number 9781498764919
035 ## - SYSTEM CONTROL NUMBER
System control number 22076097
040 ## - CATALOGING SOURCE
Original cataloging agency DLC
Language of cataloging eng
Description conventions rda
Transcribing agency DLC
Modifying agency EG-ScBUE
082 04 - DEWEY DECIMAL CLASSIFICATION NUMBER
Classification number 777.7
Edition number 22
Item number CHA
100 1# - MAIN ENTRY--PERSONAL NAME
Personal name Chandramouli, Magesh,
Relator term author.
245 10 - TITLE STATEMENT
Title 3D modeling & animation :
Remainder of title a primer /
Statement of responsibility, etc Magesh Chandramouli.
246 3# - VARYING FORM OF TITLE
Title proper/short title 3D modeling and animation
250 ## - EDITION STATEMENT
Edition statement First edition.
264 #1 - PUBLICATION, DISTRIBUTION, ETC. (IMPRINT)
Place of publication, distribution, etc Boca Raton, FL :
Name of publisher, distributor, etc CRC Press,
Date of publication, distribution, etc 2022.
300 ## - PHYSICAL DESCRIPTION
Extent xix, 344 pages :
Other physical details color illustrations ;
Dimensions 24 cm
336 ## - CONTENT TYPE
Content type term text
Content type code txt
Source rdacontent
337 ## - MEDIA TYPE
Media type term unmediated
Media type code n
Source rdamedia
338 ## - CARRIER TYPE
Carrier type term volume
Carrier type code nc
Source rdacarrier
500 ## - GENERAL NOTE
General note Includes index.<br/>
520 ## - SUMMARY, ETC.
Summary, etc "Graphics, 3D modeling, and animation are the cornerstones of not only the video game industry, but also the motion picture industry, digital lighting, and many other professions. Each of these subjects (Graphics, 3D modeling, and animation) intertwine with each other and even require a sufficient understanding of mathematics and physics. While other books assume readers know these basics, '3D Modeling & Animation: A Primer' provides the fundamental building blocks in constructing new own worlds of art and 3D design. With over a hundred images, valuable review questions, and coherent instructions, Magesh Chandramouli provides the reader with an essential text in the journey to mastering Graphics and 3D modeling/animation. Animation and modeling are highly stimulating subject areas, and should not watered down by pure theory and erudite equations. Without being too generic and too detailed, the book presents to you the right amount of material to provide a firm grasp of the underlying principles. The author has not explained the concepts in a simple manner, but also presented these simplified concepts in a manner that would be engaging. Key features : Provides the reader with clear, concise, instructions that help build on the fundamentals of graphics, 3D modeling, and animation. With nearly two hundred, vibrant images to help the reader understand the designing process. Review questions at the end of each chapter that will help readers hone their understanding of the content. Author Bio: Magesh Chandramouli is a Professor of Computer Graphics Technology at Purdue University Northwest. He is currently serving as the Director of Programs of the Engineering Design Graphics Division of the American Society of Engineering Education. He was a Frederick Andrews Fellow at Purdue University, West Lafayette, where he completed his doctoral studies from the Department of Computer Graphics Technology. He received Master of Science degree from the University of Calgary, Master of Engineering from the National University of Singapore, and B.E. from the College of Engineering, Guindy, India. He has received National and International Awards for his scholarly accomplishments and his work has been published and presented in reputed journals and conferences"--
Assigning source Provided by publisher.
650 #7 - SUBJECT ADDED ENTRY--TOPICAL TERM
Topical term or geographic name as entry element Computer animation.
Source of heading or term BUEsh
650 #7 - SUBJECT ADDED ENTRY--TOPICAL TERM
Topical term or geographic name as entry element Computer graphics.
Source of heading or term BUEsh
650 #7 - SUBJECT ADDED ENTRY--TOPICAL TERM
Topical term or geographic name as entry element Three-dimensional display systems.
Source of heading or term BUEsh
653 ## - INDEX TERM--UNCONTROLLED
Arrived date list April2026
Resource For college Arts and Design
655 ## - INDEX TERM--GENRE/FORM
Form subdivision Reading book
906 ## - LOCAL DATA ELEMENT F, LDF (RLIN)
a 7
b cbc
c orignew
d 1
e ecip
f 20
g y-gencatlg
942 ## - ADDED ENTRY ELEMENTS (KOHA)
Source of classification or shelving scheme Dewey Decimal Classification
Koha item type Book - Borrowing
Holdings
Withdrawn status Lost status Source of classification or shelving scheme Damaged status Not for loan Collection code Home library Current library Shelving location Date acquired Source of acquisition Cost, normal purchase price Serial Enumeration / chronology Total Checkouts Full call number Barcode Date last seen Cost, replacement price Price effective from Koha item type
    Dewey Decimal Classification     Baccah Central Library Central Library Second Floor 07/04/2026 Purchase 3666.00 40179   777.7 CHA 000057608 07/04/2026 4582.50 07/04/2026 Book - Borrowing